01899cam a22003374a 45000010009000000050017000090080041000260200018000670200015000850820020001001000035001202450099001552500012002542600049002663000036003155040051003515050614004026500029010166500039010456500020010846500050011046500046011546500049012006500047012496530017012967000032013137000030013459420013013759990017013889520156014051596883420130529121745.0091030s2011 njua b 001 0 eng  a9780135097212 a013509721500a610.73222bPEN1 aPender, Nola J.,d1941-93326710aHealth Promotion in Nursing Practice /cNola J. Pender, Carolyn L. Murdaugh, Mary Ann Parsons. a6th ed. aUpper Saddle River, N.J. :bPearson,cc2011. axviii, 349 p. :bill. ;c24 cm. aIncludes bibliographical references and index.0 aToward a definition of health -- Individual models to promote health behavior -- Community models to promote health -- Assessing health and health behaviors -- Developing a health promotion-prevention plan -- Physical activity and health promotion -- Nutrition and health promotion -- Stress management and health promotion -- Social support and health -- Evaluating individual and community interventions -- Self-care for health promotion across the life span -- Health promotion in vulnerable populations -- Health promotion in community settings -- Promoting health through social and environmental change. 0aHealth promotion.933268 0aPreventive health services.933269 0aNursing.93327012aHealth PromotionvNurses' Instruction.93327112aNursing CarevNurses' Instruction.93327222aHealth BehaviorvNurses' Instruction.93327322aHealth PolicyvNurses' Instruction.933274 bNURcMay20131 aMurdaugh, Carolyn L.9332751 aParsons, Mary Ann.933276 2ddccNRB c17483d17455 00102ddc40708BaccahaMAINbMAINc1STd2013-05-29epurchaseg324.00h17806l5m8o610.73 PENp000028756r2025-07-15 00:00:00s2022-11-24v405.00yBB